Adhunik bharatia siksha sahayika (Record no. 2167)
[ view plain ]
| 000 -LEADER | |
|---|---|
| fixed length control field | 00431cam a2200169ua 4500 |
| 008 - FIXED-LENGTH DATA ELEMENTS--GENERAL INFORMATION | |
| fixed length control field | 110804n ii |||gr||||Z||||||asm |
| 040 ## - CATALOGING SOURCE | |
| Transcribing agency | MAIN |
| 100 1# - MAIN ENTRY--PERSONAL NAME | |
| Personal name | Bhattacharyya, |
| Relator term | |
| 245 1# - TITLE STATEMENT | |
| Title | Adhunik bharatia siksha sahayika |
| Statement of responsibility, etc. | by Bhattacharyya |
| 250 ## - EDITION STATEMENT | |
| Edition statement | 1st. |
| 260 ## - PUBLICATION, DISTRIBUTION, ETC. | |
| Place of publication, distribution, etc. | Guahati: |
| Name of publisher, distributor, etc. | Book Land. |
| 300 ## - PHYSICAL DESCRIPTION | |
| Extent | ii; 240p:9cm. |
| 942 ## - ADDED ENTRY ELEMENTS (KOHA) | |
| Koha item type | Books |
| 653 ## - INDEX TERM--UNCONTROLLED | |
| Uncontrolled term | Education |
| 653 ## - INDEX TERM--UNCONTROLLED | |
| Uncontrolled term | Adhunik bharatia siksha sahayika |
| Withdrawn status | Lost status | Damaged status | Not for loan | Home library | Current library | Shelving location | Date acquired | Total Checkouts | Full call number | Barcode | Date last seen | Copy number | Price effective from | Koha item type |
|---|---|---|---|---|---|---|---|---|---|---|---|---|---|---|
| Central Library, Naharkatiya College | Central Library, Naharkatiya College | General Stacks | 19/09/2020 | BHA | 11806 | 19/09/2020 | 1 | 19/09/2020 | Books | |||||
| Central Library, Naharkatiya College | Central Library, Naharkatiya College | General Stacks | 19/09/2020 | BHA | 11807 | 19/09/2020 | 2 | 19/09/2020 | Books |
